000 00552nam a2200217Ia 4500
003 OSt
005 20250812185059.0
008 210423s9999 xx 000 0 und d
040 _cAL
041 _aEnglish
082 _a320.8K
_bRASP
100 _aSera Raskina
_9122155
245 _aPanchayat raj hadugalu
260 _bUnited Publishers
_aMangaluru
_c2004
300 _a10
_bPB
365 _b50
_cINR
650 _aLocal Government
_9122156
650 _aPolitical Science
_9122157
906 _ahadugalu ; Panchayat ; raj
942 _2ddc
_cBK
999 _c173916
_d173916